[Event "Turtle Speed # 10"]
[Site "SchemingMind.com"]
[Date "2008.11.28"]
[Round "-"]
[White "fishofchaos"]
[Black "staunton64"]
[Result "1/2-1/2"]
[WhiteCountry "ENG"]
[BlackCountry "FRA"]
[WhiteElo "1858"]
[WhiteRD "74"]
[BlackElo "1702"]
[BlackRD "87"]
[GameID "180748"]

1. d4 Nf6 2. c4 e6 3. Nf3 d5 4. Nc3 Bb4 5. cxd5 exd5 6. Bg5 O-O 7. e3 Bg4 8. Be2 Be6 9. O-O Be7 10. Ne5 Nbd7
11. Rc1 Nxe5 12. dxe5 Nd7 13. Bxe7 Qxe7 14. Nxd5 Bxd5 15. Qxd5 c6 16. Qd6 Qxd6 17. exd6 Rad8 18. Rfd1 g6 19. b4 Rfe8 20. b5 cxb5
21. Bxb5 a6 22. Bxd7 Rxd7 23. Rc7 Red8 24. Rxd7 Rxd7 25. e4 f6 26. f4 Kf7 27. e5 fxe5 28. fxe5 Ke6 29. Re1 b5 30. Kf2 Rf7+
31. Kg3 Rf5=
1/2-1/2

[Event "Turtle Speed # 10"]
[Site "SchemingMind.com"]
[Date "2008.11.28"]
[Round "-"]
[White "staunton64"]
[Black "fishofchaos"]
[Result "0-1"]
[WhiteCountry "FRA"]
[BlackCountry "ENG"]
[WhiteElo "1698"]
[WhiteRD "75"]
[BlackElo "1879"]
[BlackRD "76"]
[GameID "180749"]

1. c4 g6 2. Nc3 Bg7 3. g3 e5 4. Bg2 d6 5. e4 Nf6 6. Nge2 O-O 7. O-O Nc6 8. d3 Be6 9. Nd5 Qd7 10. Be3 Ne8
11. Rb1 a5 12. f4 f5 13. a3 a4 14. Nec3 fxe4 15. dxe4 exf4 16. Rxf4 Rxf4 17. gxf4 Nf6 18. Nxa4 Ng4 19. Qd2 Rxa4 20. f5 gxf5
21. exf5 Bxf5 22. Rf1 Nxe3 23. Qxe3 Bd4 24. Qxd4 Nxd4 25. Nf6+ Kg7 26. Nxd7 Bxd7 27. Bxb7 Rxc4 28. Rf2 Bc6 29. Ba6 Rc1+ 30. Rf1 Rxf1+
31. Bxf1 Kf6 32. Bd3 h6 33. b4 Bb5 34. Bxb5 Nxb5 35. a4 Na7 36. b5 Kf5 37. Kf2 Kf4 38. Ke2 Ke4 39. Kd2 d5 40. h4 h5
41. Kc3 d4+ 42. Kc4 d3 43. Kc5 d2 44. b6 cxb6+ 45. Kxb6 d1=Q
0-1

[Event "Turtle Speed # 10"]
[Site "SchemingMind.com"]
[Date "2008.11.28"]
[Round "-"]
[White "mmccaffe"]
[Black "fishofchaos"]
[Result "0-1"]
[WhiteCountry "USA"]
[BlackCountry "ENG"]
[WhiteElo "1427"]
[WhiteRD "55"]
[BlackElo "1883"]
[BlackRD "74"]
[GameID "180751"]

1. e4 c5 2. Nf3 g6 3. d3 Bg7 4. Nc3 Nc6 5. g3 d6 6. Bg2 Nf6 7. O-O O-O 8. h3 Rb8 9. Be3 b5 10. a3 a5
11. Qd2 b4 12. axb4 axb4 13. Nd1 Bb7 14. Nh2 Ra8 15. Rxa8 Qxa8
0-1

[Event "Turtle Speed # 10"]
[Site "SchemingMind.com"]
[Date "2008.11.29"]
[Round "-"]
[White "fishofchaos"]
[Black "mmccaffe"]
[Result "1-0"]
[WhiteCountry "ENG"]
[BlackCountry "USA"]
[WhiteElo "1883"]
[WhiteRD "74"]
[BlackElo "1427"]
[BlackRD "55"]
[GameID "180753"]

1. d4 d5 2. c4 c6 3. Nf3 Nf6 4. e3 e6 5. Bd3 Be7 6. O-O O-O 7. Nbd2 Nbd7 8. b3 b6 9. Bb2 Bb7 10. Rc1 dxc4
11. Nxc4
1-0

[Event "Turtle Speed # 10"]
[Site "SchemingMind.com"]
[Date "2008.11.28"]
[Round "-"]
[White "lame wolf"]
[Black "fishofchaos"]
[Result "0-1"]
[WhiteCountry "INT"]
[BlackCountry "ENG"]
[WhiteElo "994"]
[WhiteRD "56"]
[BlackElo "1909"]
[BlackRD "76"]
[GameID "180768"]

1. c3 Nf6 2. d4 g6 3. g3 Bg7 4. Bg2 O-O 5. Bf4 d6 6. Nf3 Bf5 7. Nbd2 Qd7 8. O-O Re8 9. Re1 Nc6 10. e4 Bg4
11. Qc2 e5 12. dxe5 dxe5 13. Nxe5 Nxe5 14. h3 Bxh3 15. Bxh3 Qxh3 16. Bxe5 Rxe5 17. Nf3 Rh5
0-1

[Event "Turtle Speed # 10"]
[Site "SchemingMind.com"]
[Date "2008.11.28"]
[Round "-"]
[White "lame wolf"]
[Black "staunton64"]
[Result "0-1"]
[WhiteCountry "INT"]
[BlackCountry "FRA"]
[WhiteElo "995"]
[WhiteRD "52"]
[BlackElo "1702"]
[BlackRD "87"]
[GameID "180770"]

1. Nf3 Nf6 2. d4 e6 3. Qd3 d5 4. Bg5 Be7 5. Ne5 O-O 6. Nc3 Nc6 7. e4 dxe4 8. Bxf6 exd3 9. Bxd3 Bxf6 10. Nf3 Nxd4
11. O-O Nxf3+ 12. gxf3 Bxc3 13. bxc3 Qg5+ 14. Kh1 Bd7 15. Rad1 Bc6 16. Rg1 Bxf3+
0-1

[Event "Turtle Speed # 10"]
[Site "SchemingMind.com"]
[Date "2008.11.28"]
[Round "-"]
[White "fishofchaos"]
[Black "lame wolf"]
[Result "1-0"]
[WhiteCountry "ENG"]
[BlackCountry "INT"]
[WhiteElo "1909"]
[WhiteRD "76"]
[BlackElo "994"]
[BlackRD "56"]
[GameID "180771"]

1. d4 d5 2. c4 dxc4 3. Nf3 b5 4. a4 c6 5. Nc3 e6 6. axb5 Bb7 7. bxc6 Bxc6 8. e3 Bb4 9. Bxc4 Ne7 10. O-O a6
11. Ne5 O-O 12. Qd3 Bxc3 13. bxc3 Bd5 14. Bxa6 Qc7 15. Bd2 f6 16. e4 fxe5 17. exd5 Qd6 18. Bb7 Rxa1 19. Rxa1 exd5 20. dxe5 Qxe5
21. Re1 Qf6 22. Bxd5+ Kh8 23. f3 Rd8 24. c4 g6 25. Bc3
1-0

[Event "Turtle Speed # 10"]
[Site "SchemingMind.com"]
[Date "2008.11.28"]
[Round "-"]
[White "staunton64"]
[Black "lame wolf"]
[Result "1-0"]
[WhiteCountry "FRA"]
[BlackCountry "INT"]
[WhiteElo "1702"]
[WhiteRD "87"]
[BlackElo "995"]
[BlackRD "52"]
[GameID "180773"]

1. c4 d5 2. cxd5 Qxd5 3. Nc3 Qd8 4. Nf3 e6 5. e4 Bd6 6. d4 b6 7. Bc4 Bb7 8. O-O c5 9. Re1 e5 10. dxe5 Be7
11. Nd5 Nd7 12. Bf4 f6 13. exf6 Ngxf6 14. Nxe7 Qxe7 15. e5 Nh5 16. Ng5 Nxf4 17. Nf7 Rf8 18. e6 Nxg2 19. exd7#
1-0

[Event "Turtle Speed # 10"]
[Site "SchemingMind.com"]
[Date "2008.11.28"]
[Round "-"]
[White "ApolloM"]
[Black "lame wolf"]
[Result "1-0"]
[WhiteCountry "CZE"]
[BlackCountry "INT"]
[WhiteElo "1561"]
[WhiteRD "290"]
[BlackElo "994"]
[BlackRD "56"]
[GameID "180807"]

1. d4 d5 2. Nf3 Qd6 3. c4 dxc4 4. e4 c6 5. Bxc4 c5 6. e5 Qc6 7. Nc3 e6 8. Bb5 Qxb5 9. Nxb5 Na6 10. O-O Bd7
11. Qe2 Nh6 12. Bxh6 g6 13. Bxf8 Rxf8 14. Nd6+ Ke7 15. Nxb7 Nb4 16. Qc4 Rfc8 17. dxc5 Nc6 18. Qh4+ Ke8 19. Rfd1 h5 20. Qf6 Rc7
21. Nd6+
1-0

[Event "Turtle Speed # 10"]
[Site "SchemingMind.com"]
[Date "2008.11.28"]
[Round "-"]
[White "ApolloM"]
[Black "fishofchaos"]
[Result "1-0"]
[WhiteCountry "CZE"]
[BlackCountry "ENG"]
[WhiteElo "2035"]
[WhiteRD "117"]
[BlackElo "1858"]
[BlackRD "74"]
[GameID "180808"]

1. d4 Nf6 2. Nf3 g6 3. c4 Bg7 4. Nc3 O-O 5. e4 d6 6. h3 Nbd7 7. Be3 e5 8. dxe5 dxe5 9. Qc2 c6 10. Rd1 Qe7
11. Be2 Re8 12. O-O Nh5 13. Rd2 Nf8 14. Rfd1 Ne6 15. g3 Nhf4 16. Bf1 Nh5 17. a3 a6 18. b4 b5 19. Bg2 Bf6 20. Ne2 a5
21. cxb5 cxb5 22. Nc3 Qc7 23. Nxb5 Qxc2 24. Rxc2 axb4 25. axb4 Ba6 26. Nd6 Red8 27. Rdd2 Be7 28. Rc6 Nd4 29. Bxd4 exd4 30. e5 d3
31. b5 Bxd6 32. bxa6 Bb4 33. Rb2 Bf8 34. Bf1 Rd5 35. Rd2 Rad8 36. Rc7 Ng7 37. Ng5
1-0

[Event "Turtle Speed # 10"]
[Site "SchemingMind.com"]
[Date "2008.11.28"]
[Round "-"]
[White "ApolloM"]
[Black "staunton64"]
[Result "1-0"]
[WhiteCountry "CZE"]
[BlackCountry "FRA"]
[WhiteElo "2035"]
[WhiteRD "117"]
[BlackElo "1702"]
[BlackRD "87"]
[GameID "180810"]

1. d4 Nf6 2. Nf3 e6 3. c4 d5 4. Nc3 Bb4 5. Bg5 Nbd7 6. Qb3 Be7 7. cxd5 exd5 8. Nxd5 O-O 9. Nxe7+ Qxe7 10. e3 h6
11. Bh4 b6 12. Bc4 Bb7 13. Rc1 Rac8 14. O-O c5 15. Rfd1 g5 16. Bg3 Ne4 17. d5 Nxg3 18. hxg3 Qd6 19. e4 f6 20. Qa4 a5
21. Qc6 Bxc6 22. dxc6+ Kg7 23. Rxd6 Ne5 24. Nxe5 fxe5 25. Rcd1 g4 26. Rd7+ Kg6 27. R1d6+ Rf6 28. Be6 Rcf8 29. Bf5+ Kh5 30. Bxg4+ Kxg4
31. Rg7+ Kh5 32. g4+ Kh4 33. Kh2
1-0

[Event "Turtle Speed # 10"]
[Site "SchemingMind.com"]
[Date "2008.11.28"]
[Round "-"]
[White "lame wolf"]
[Black "ApolloM"]
[Result "0-1"]
[WhiteCountry "INT"]
[BlackCountry "CZE"]
[WhiteElo "994"]
[WhiteRD "56"]
[BlackElo "1561"]
[BlackRD "290"]
[GameID "180811"]

1. b4 e6 2. b5 a6 3. e3 d5 4. Bb2 axb5 5. Bxb5+ c6 6. Be2 Nf6 7. f4 Nbd7 8. Bxf6 Qxf6 9. h3 Qxa1 10. Nc3 Qxd1+
11. Bxd1 Be7 12. g4 e5 13. f5 h5 14. e4 d4 15. gxh5 dxc3 16. dxc3 Nf6 17. Nf3 Nxe4 18. Nxe5 Bh4+ 19. Ke2 Ng3+
0-1

[Event "Turtle Speed # 10"]
[Site "SchemingMind.com"]
[Date "2008.11.28"]
[Round "-"]
[White "fishofchaos"]
[Black "ApolloM"]
[Result "0-1"]
[WhiteCountry "ENG"]
[BlackCountry "CZE"]
[WhiteElo "1858"]
[WhiteRD "74"]
[BlackElo "2035"]
[BlackRD "117"]
[GameID "180812"]

1. d4 d5 2. c4 c6 3. Nf3 Nf6 4. Nc3 dxc4 5. a4 Bf5 6. Nh4 Bg4 7. f3 Bc8 8. e4 e5 9. dxe5 Nfd7 10. Nf5 Nxe5
11. Qxd8+ Kxd8 12. Bg5+ f6 13. O-O-O+ Kc7 14. Bf4 Be6 15. Rd4 g6 16. Ne3 Bc5 17. Rd1 g5 18. Bxe5+ fxe5 19. Bxc4 Bxe3+
0-1

[Event "Turtle Speed # 10"]
[Site "SchemingMind.com"]
[Date "2008.11.28"]
[Round "-"]
[White "staunton64"]
[Black "ApolloM"]
[Result "0-1"]
[WhiteCountry "FRA"]
[BlackCountry "CZE"]
[WhiteElo "1702"]
[WhiteRD "87"]
[BlackElo "2035"]
[BlackRD "117"]
[GameID "180814"]

1. c4 Nf6 2. Nc3 e5 3. g3 Bb4 4. Bg2 O-O 5. Nf3 Nc6 6. O-O e4 7. Ne1 Bxc3 8. bxc3 Re8 9. d3 d5 10. cxd5 Qxd5
11. Bb2 Bg4 12. Qd2 Rad8 13. h3 Qh5 14. h4 Bxe2 15. Qf4 exd3 16. Bf3 Bxf3 17. Nxf3 Re4 18. Qd2 Qxf3 19. Rae1 Re2 20. Qf4 Qxf4
21. gxf4 Rxb2 22. Rd1 Ne4 23. h5 Nxc3 24. Kh2 d2 25. h6 Nxd1 26. Rg1 Nxf2 27. Rxg7+ Kh8 28. Rxf7 d1=Q
0-1

[Event "Turtle Speed # 10"]
[Site "SchemingMind.com"]
[Date "2008.11.29"]
[Round "-"]
[White "Lucas the Pirate"]
[Black "lame wolf"]
[Result "1-0"]
[WhiteCountry "ISR"]
[BlackCountry "INT"]
[WhiteElo "1707"]
[WhiteRD "111"]
[BlackElo "1107"]
[BlackRD "47"]
[GameID "180981"]

1. Nf3 d5 2. d4 Qd6 3. e3 c5 4. Bb5+ Bd7 5. Qe2 a6 6. Bd3 c4 7. e4 cxd3 8. Qxd3 Bb5 9. Qe3 Nd7 10. Nc3 dxe4
11. Nxb5 Qb8 12. Qxe4 e6 13. Nc3 Bd6 14. Qg4 g6 15. d5 e5 16. O-O f5 17. Qc4 Qc7 18. Qh4 e4 19. Nd4 Ngf6 20. Qg5 Qc4
21. Ne6 Kf7 22. Qh6 Nf8 23. Qg7+ Ke8 24. Qxh8 Ke7 25. Bg5 Re8 26. Qg7#
1-0

[Event "Turtle Speed # 10"]
[Site "SchemingMind.com"]
[Date "2008.11.29"]
[Round "-"]
[White "Lucas the Pirate"]
[Black "fishofchaos"]
[Result "1-0"]
[WhiteCountry "ISR"]
[BlackCountry "ENG"]
[WhiteElo "1860"]
[WhiteRD "137"]
[BlackElo "1858"]
[BlackRD "74"]
[GameID "180982"]

1. g3 d5 2. d4 Nf6 3. Bg2 c6 4. Nf3 Bf5 5. O-O h6 6. Nh4 e6 7. Nxf5 exf5 8. Nd2 Bd6 9. Nf3 Nbd7 10. Nh4 g6
11. c4 g5 12. Nxf5
1-0

[Event "Turtle Speed # 10"]
[Site "SchemingMind.com"]
[Date "2008.11.29"]
[Round "-"]
[White "Lucas the Pirate"]
[Black "staunton64"]
[Result "0-1"]
[WhiteCountry "ISR"]
[BlackCountry "FRA"]
[WhiteElo "1707"]
[WhiteRD "111"]
[BlackElo "1712"]
[BlackRD "64"]
[GameID "180984"]

1. e4 c5 2. Nf3 Nc6 3. d4 cxd4 4. Nxd4 Nf6 5. Nc3 e6 6. Bg5 Be7 7. Be2 O-O 8. O-O d5 9. Nxc6 bxc6 10. e5 Nd7
11. Bxe7 Qxe7 12. f4 f6 13. exf6 Nxf6 14. a3 Bb7 15. b4 Rab8 16. Qd4 Qd6 17. Rad1 Rf7 18. Rf3 Rbf8 19. Bd3 Nd7 20. Bxh7+ Kxh7
21. Rh3+ Kg8 22. Qd3 Nf6 23. Qg3 Nh7 24. Qg6 Rxf4 25. Qxh7+ Kf7 26. Rg3 Ke8 27. Rxg7 Ba6 28. b5 Qc5+
0-1

[Event "Turtle Speed # 10"]
[Site "SchemingMind.com"]
[Date "2008.11.29"]
[Round "-"]
[White "Lucas the Pirate"]
[Black "ApolloM"]
[Result "0-1"]
[WhiteCountry "ISR"]
[BlackCountry "CZE"]
[WhiteElo "1707"]
[WhiteRD "111"]
[BlackElo "2150"]
[BlackRD "102"]
[GameID "180985"]

1. Nf3 d5 2. d4 Nf6 3. c4 dxc4 4. e3 g6 5. Bxc4 Bg7 6. Nc3 O-O 7. O-O Nc6 8. Rb1 Bf5 9. Bd3 Bxd3 10. Qxd3 e5
11. Rd1 Qe7 12. d5 e4 13. Nxe4 Nxd5 14. Nc3 Nxc3 15. bxc3 Rfd8 16. Nd4 Ne5 17. Qe4 c5 18. Ba3 b6 19. Ne2 Qe6 20. Qc2 Qc4
21. h3 Qa6 22. Rxd8+ Rxd8 23. Bc1 Qd3 24. Qxd3 Rxd3 25. Kh2 Rd1 26. Rb3 Nc4 27. Kg3 Re1
0-1

[Event "Turtle Speed # 10"]
[Site "SchemingMind.com"]
[Date "2008.11.29"]
[Round "-"]
[White "lame wolf"]
[Black "Lucas the Pirate"]
[Result "0-1"]
[WhiteCountry "INT"]
[BlackCountry "ISR"]
[WhiteElo "1061"]
[WhiteRD "48"]
[BlackElo "1775"]
[BlackRD "120"]
[GameID "180986"]

1. b4 c6 2. a3 a5 3. b5 cxb5 4. e3 Qb6 5. Qe2 Nf6 6. Bb2 g6 7. d4 d6 8. Qd1 b4 9. a4 Bg7 10. Bb5+ Bd7
11. Bxd7+ Nbxd7 12. Ne2 O-O 13. Nd2 Rac8 14. O-O Nd5 15. Nf4 N7f6 16. Rc1 Nxf4 17. exf4 Nd5 18. Qe2 Bxd4 19. Bxd4 Qxd4 20. Nf3 Qxf4
21. Rfe1 Rc7 22. Qe4 Qxe4 23. Rxe4 b3 24. c3 b2 25. Rb1 Nxc3
0-1

[Event "Turtle Speed # 10"]
[Site "SchemingMind.com"]
[Date "2008.11.29"]
[Round "-"]
[White "fishofchaos"]
[Black "Lucas the Pirate"]
[Result "1-0"]
[WhiteCountry "ENG"]
[BlackCountry "ISR"]
[WhiteElo "1904"]
[WhiteRD "75"]
[BlackElo "1707"]
[BlackRD "111"]
[GameID "180987"]

1. d4 d5 2. c4 c6 3. Nf3 Nf6 4. Nc3 dxc4 5. a4 Bf5 6. Nh4 Bg4 7. f3 Bh5 8. g4 Bg6 9. e4 e6 10. g5 Nfd7
11. f4 h6 12. Nxg6 fxg6 13. Bxc4 hxg5 14. fxg5 e5 15. d5 cxd5 16. Qxd5 Qe7 17. Qxb7 Qc5 18. Bb5 Rxh2 19. Bxd7+ Kd8 20. Rxh2 Qg1+
21. Kd2 Qxh2+ 22. Kd3 Nxd7 23. Qxa8+ Ke7 24. Qxa7 Ke6 25. Be3 Qg2 26. Qa6+ Bd6 27. Qc4+ Ke7 28. b4 Qf3 29. a5 Nf8 30. a6 Ne6
31. Nd5+ Kf7 32. a7
1-0

[Event "Turtle Speed # 10"]
[Site "SchemingMind.com"]
[Date "2008.11.30"]
[Round "-"]
[White "staunton64"]
[Black "Lucas the Pirate"]
[Result "1-0"]
[WhiteCountry "FRA"]
[BlackCountry "ISR"]
[WhiteElo "1764"]
[WhiteRD "65"]
[BlackElo "1641"]
[BlackRD "107"]
[GameID "180989"]

1. c4 c5 2. Nc3 Nf6 3. g3 g6 4. Bg2 Bg7 5. e3 O-O 6. Nge2 d6 7. O-O Nc6 8. d4 a6 9. e4 cxd4 10. Nxd4 Bd7
11. Be3 Rc8 12. b3 Qc7 13. Nd5 Nxd5 14. exd5 Ne5 15. Rc1 Ng4 16. Re1 Nxe3 17. Rxe3 b5 18. Rxe7 bxc4 19. Rxc4 Qb7 20. Nc6 Rfe8
21. Qf3 Rf8 22. Rf4 Rce8 23. Rfxf7 Bh6 24. Rxd7 Re1+ 25. Bf1 Qxd7 26. Rxd7 Rxf3 27. Kg2 Rf6 28. Bxa6 Ra1 29. Bc4 Rxa2 30. b4
1-0

[Event "Turtle Speed # 10"]
[Site "SchemingMind.com"]
[Date "2008.11.30"]
[Round "-"]
[White "ApolloM"]
[Black "Lucas the Pirate"]
[Result "1-0"]
[WhiteCountry "CZE"]
[BlackCountry "ISR"]
[WhiteElo "2144"]
[WhiteRD "98"]
[BlackElo "1775"]
[BlackRD "120"]
[GameID "180990"]

1. d4 d5 2. c4 e6 3. Nf3 Bb4+ 4. Bd2 Qe7 5. e3 Nf6 6. a3 Bxd2+ 7. Nbxd2 Nbd7 8. Qc2 b6 9. cxd5 exd5 10. Qxc7 O-O
11. Bd3 Ne4 12. Bb5 Qe6 13. Bc6 Ba6 14. Qxd7 Qg6 15. Nh4 Qh5 16. Ndf3 Rfd8 17. Qf5 Qh6 18. Bxa8 Rxa8 19. Qxd5 Re8 20. Ne5 Nd6
21. Nf5
1-0

[Event "Turtle Speed # 10"]
[Site "SchemingMind.com"]
[Date "2008.11.30"]
[Round "-"]
[White "cnbcad"]
[Black "lame wolf"]
[Result "1-0"]
[WhiteCountry "USA"]
[BlackCountry "INT"]
[WhiteElo "1598"]
[WhiteRD "61"]
[BlackElo "995"]
[BlackRD "52"]
[GameID "181056"]

1. e4 a6 2. d4 b5 3. Nf3 Bb7 4. d5 c6 5. c4 b4 6. Be3 Nf6 7. Bd3 a5 8. a4 d6 9. O-O c5 10. b3 Nbd7
11. Nbd2 Ne5 12. Nxe5 dxe5 13. h3 Qc8 14. Be2 e6 15. Bg4 Bxd5 16. exd5 exd5 17. Bxc8 d4 18. Bb7 Ra7 19. Bg5 Rxb7 20. Re1 Be7
21. Qf3 Rb6 22. Qa8+ Bd8 23. Rxe5+ Re6 24. Rxe6+
1-0

[Event "Turtle Speed # 10"]
[Site "SchemingMind.com"]
[Date "2008.11.30"]
[Round "-"]
[White "cnbcad"]
[Black "fishofchaos"]
[Result "0-1"]
[WhiteCountry "USA"]
[BlackCountry "ENG"]
[WhiteElo "1618"]
[WhiteRD "57"]
[BlackElo "1879"]
[BlackRD "76"]
[GameID "181057"]

1. e4 c5 2. Nf3 e6 3. Be2 Nc6 4. O-O Nf6 5. d3 d5 6. Nbd2 Be7 7. b3 O-O 8. Bb2 d4 9. h3 Qc7 10. c3 e5
11. c4 a6 12. a4 Nb4 13. Ba3 Nd7 14. Bxb4 cxb4 15. Nh2 a5 16. Bg4 Nc5 17. Ndf3 f5 18. exf5 Bxf5 19. Re1 Nxd3 20. Bxf5 Nxe1
21. Bxh7+ Kxh7 22. Qxe1 Rf5 23. Qe4 g6 24. Nh4 Bxh4 25. Qxh4+ Kg7 26. Qe4 Raf8 27. f3 Qc6 28. Qe1 Qd6 29. Ng4 Rd8 30. Qh4 Rh5
31. Qg3 d3 32. Rd1 d2 33. Ne3 Qd3 34. Nf1 Qxb3
0-1

[Event "Turtle Speed # 10"]
[Site "SchemingMind.com"]
[Date "2008.11.30"]
[Round "-"]
[White "cnbcad"]
[Black "Lucas the Pirate"]
[Result "1-0"]
[WhiteCountry "USA"]
[BlackCountry "ISR"]
[WhiteElo "1632"]
[WhiteRD "58"]
[BlackElo "1641"]
[BlackRD "107"]
[GameID "181059"]

1. e4 e5 2. Nf3 Nc6 3. Bc4 Nf6 4. Ng5 d5 5. exd5 Na5 6. Bb5+ Bd7 7. Bxd7+ Qxd7 8. Nc3 Nxd5 9. O-O Be7 10. Nf3 Nc6
11. d4 Nxc3 12. bxc3 Bd6 13. Re1 e4 14. Rxe4+ Ne7 15. Bg5 O-O 16. Bxe7 Bxe7 17. Qd3 Rfe8 18. Ne5 Qa4 19. Rh4 g6 20. Rh6 Bf8
21. Rh3 Bg7 22. Qf3 Bxe5 23. dxe5 Rxe5 24. Qxb7 Rae8 25. Rf1 c5 26. Rf3
1-0

[Event "Turtle Speed # 10"]
[Site "SchemingMind.com"]
[Date "2008.11.30"]
[Round "-"]
[White "cnbcad"]
[Black "staunton64"]
[Result "0-1"]
[WhiteCountry "USA"]
[BlackCountry "FRA"]
[WhiteElo "1618"]
[WhiteRD "57"]
[BlackElo "1698"]
[BlackRD "75"]
[GameID "181060"]

1. e4 c5 2. Nf3 Nc6 3. d4 cxd4 4. Nxd4 Nf6 5. Nc3 e6 6. Ndb5 d5 7. Bf4 e5 8. Bg5 a6 9. Bxf6 gxf6 10. exd5 Nd4
11. Nxd4 exd4 12. Qxd4 Bg7 13. Qe4+ Qe7 14. Qxe7+ Kxe7 15. O-O-O Bf5 16. d6+ Kd7 17. Bc4 Bh6+ 18. Kb1 Be6 19. Be2 b5 20. Rhe1 Rab8
21. Ne4 f5 22. Nc5+ Kc6 23. Nxe6 fxe6 24. Bf3+ Kd7 25. Bh5 Rb6 26. Bf7 Rxd6 27. Bxe6+ Kc7 28. Bxf5 Rf8 29. g4 Re8 30. Bxh7 Bf4
31. Bd3 Rxe1 32. Rxe1 Bxh2 33. a3 Bf4 34. Re7+ Kb6 35. Rg7 Rd8 36. Rg6+ Ka7 37. f3 Rf8 38. Be4 Bc7 39. b3 Rd8 40. a4 Rd1+
41. Ka2 Be5 42. axb5 Ra1#
0-1

[Event "Turtle Speed # 10"]
[Site "SchemingMind.com"]
[Date "2008.11.30"]
[Round "-"]
[White "cnbcad"]
[Black "ApolloM"]
[Result "0-1"]
[WhiteCountry "USA"]
[BlackCountry "CZE"]
[WhiteElo "1618"]
[WhiteRD "57"]
[BlackElo "2124"]
[BlackRD "97"]
[GameID "181061"]

1. e4 e6 2. d4 d5 3. Nd2 Nf6 4. e5 Nfd7 5. c3 c5 6. Bd3 Nc6 7. Ngf3 Be7 8. O-O a5 9. Bb5 cxd4 10. cxd4 Qb6
11. a4 Nxd4 12. Nxd4 Qxd4 13. Nf3 Qxd1 14. Rxd1 O-O 15. b3 b6 16. Be3 Bc5 17. Bxc5 Nxc5 18. Nd4 Bd7 19. Be2 f6 20. exf6 gxf6
21. Rab1 e5 22. Nc2 d4 23. Bc4+ Be6 24. Bxe6+= Nxe6 25. Rd3 Rac8 26. Ne1 e4 27. Rg3+ Kf7 28. Rh3 Rfd8 29. Rxh7+ Ng7 30. Rh4= d3
31. Rd1 d2 32. Rxe4 Rc1
0-1

[Event "Turtle Speed # 10"]
[Site "SchemingMind.com"]
[Date "2008.11.30"]
[Round "-"]
[White "lame wolf"]
[Black "cnbcad"]
[Result "0-1"]
[WhiteCountry "INT"]
[BlackCountry "USA"]
[WhiteElo "995"]
[WhiteRD "52"]
[BlackElo "1598"]
[BlackRD "61"]
[GameID "181062"]

1. c3 e5 2. e4 Nf6 3. Qc2 Bc5 4. d3 d5 5. exd5 Qxd5 6. c4 Qd4 7. Be3 Bb4+ 8. Nc3 Bxc3+ 9. Kd1 Bg4+ 10. Be2 Qd7
11. Qxc3 O-O 12. f3 Bh5 13. g4 Bg6 14. f4 exf4 15. Bxf4 Ne4 16. Nf3 Nxc3+ 17. Kc2 Nxe2 18. Kd2 Nxf4
0-1

[Event "Turtle Speed # 10"]
[Site "SchemingMind.com"]
[Date "2008.11.30"]
[Round "-"]
[White "fishofchaos"]
[Black "cnbcad"]
[Result "1-0"]
[WhiteCountry "ENG"]
[BlackCountry "USA"]
[WhiteElo "1858"]
[WhiteRD "74"]
[BlackElo "1598"]
[BlackRD "61"]
[GameID "181063"]

1. d4 d5 2. c4 c6 3. Nf3 e6 4. Qc2 Bb4+ 5. Bd2 Bxd2+ 6. Nbxd2 Nf6 7. e3 O-O 8. Bd3 Nbd7 9. O-O Re8 10. Rac1 b6
11. Ne5 Ba6 12. f4 c5 13. cxd5 Bxd3 14. Qxd3 Nxd5 15. Nxd7 Qxd7 16. dxc5 bxc5 17. Rxc5 a6 18. e4 Qa7 19. Nb3 Nb4 20. Qc4 a5
21. Kh1 Qa6 22. Qxa6 Rxa6 23. Rxa5 Rxa5 24. Nxa5 Nxa2 25. Rd1 g6 26. Nc6 Rc8 27. Ne7+
1-0

[Event "Turtle Speed # 10"]
[Site "SchemingMind.com"]
[Date "2008.11.30"]
[Round "-"]
[White "Lucas the Pirate"]
[Black "cnbcad"]
[Result "1-0"]
[WhiteCountry "ISR"]
[BlackCountry "USA"]
[WhiteElo "1670"]
[WhiteRD "111"]
[BlackElo "1549"]
[BlackRD "59"]
[GameID "181065"]

1. Nf3 d5 2. d4 Nf6 3. e3 c6 4. h3 e6 5. Bd3 Be7 6. O-O O-O 7. Re1 Nbd7 8. Nbd2 c5 9. c3 c4 10. Bc2 b5
11. e4 dxe4 12. Nxe4 Bb7 13. Nxf6+ Nxf6 14. Bg5 h6 15. Bh4 Nd7 16. Bxe7 Qxe7 17. Qe2 Qf6 18. Be4 Bxe4 19. Qxe4 Qf5 20. Qxf5 exf5
21. Re7 Nf6 22. Re5 a6 23. Rxf5 Rfe8 24. Re5 Nd7 25. Rxe8+ Rxe8 26. Kf1 f6 27. Re1 Rxe1+ 28. Kxe1 Kf7 29. Ke2 Ke6 30. Ne1 Kf5
31. Nc2 Ke4 32. Nb4 Nb6 33. Nxa6 Nd5 34. g3 f5 35. Nc5#
1-0

[Event "Turtle Speed # 10"]
[Site "SchemingMind.com"]
[Date "2008.11.30"]
[Round "-"]
[White "staunton64"]
[Black "cnbcad"]
[Result "1-0"]
[WhiteCountry "FRA"]
[BlackCountry "USA"]
[WhiteElo "1698"]
[WhiteRD "75"]
[BlackElo "1618"]
[BlackRD "57"]
[GameID "181066"]

1. c4 Nf6 2. Nc3 e6 3. g3 d5 4. cxd5 exd5 5. Nf3 d4 6. Qa4+ Nc6 7. Nb5 a6 8. Nbxd4 Bd7 9. Bg2 Be7 10. O-O O-O
11. Qc2 h6 12. d3 Nb4 13. Qd2 Qc8 14. a3 Nc6 15. b4 Nxd4 16. Nxd4 Bh3 17. f3 Bxg2 18. Kxg2 c5 19. bxc5 Bxc5 20. Bb2 Qd7
21. Nb3 Ba7= 22. Bxf6 gxf6 23. Qxh6 Qe6 24. Nc1 Be3 25. Qh3 Qe5 26. Qg4+ Kh7 27. Qh4+ Kg8 28. Rb1 Bxc1 29. Rbxc1 Qxe2+ 30. Rf2 Qxd3
31. Rc4 Qh7 32. Rg4+ Kh8 33. Qxf6+
1-0

[Event "Turtle Speed # 10"]
[Site "SchemingMind.com"]
[Date "2008.12.01"]
[Round "-"]
[White "Kombativ"]
[Black "lame wolf"]
[Result "1-0"]
[WhiteCountry "ROU"]
[BlackCountry "INT"]
[WhiteElo "1531"]
[WhiteRD "321"]
[BlackElo "995"]
[BlackRD "52"]
[GameID "181258"]

1. d4 d5 2. c4 dxc4 3. e3 b5 4. a4 c6 5. axb5 cxb5 6. Qf3 Be6 7. Qxa8 Nc6 8. Qxd8+ Nxd8 9. Rxa7 Nf6 10. Nf3 Bd5
11. Nc3 e6 12. Nxd5 Nxd5 13. Bd2 Bb4 14. Be2 Nc6 15. Ra8+ Nd8 16. Ne5 O-O 17. Bf3 Bxd2+ 18. Kxd2 Nc6 19. Rxf8+ Kxf8 20. Nxc6
1-0

[Event "Turtle Speed # 10"]
[Site "SchemingMind.com"]
[Date "2008.12.02"]
[Round "-"]
[White "Kombativ"]
[Black "cnbcad"]
[Result "0-1"]
[WhiteCountry "ROU"]
[BlackCountry "USA"]
[WhiteElo "1326"]
[WhiteRD "138"]
[BlackElo "1652"]
[BlackRD "58"]
[GameID "181259"]

1. d4 Nf6 2. c4 g6 3. Nf3 Bg7 4. Nc3 O-O 5. e3 d5 6. Bd3 c6 7. cxd5 cxd5 8. O-O e6 9. Ne5 Nc6 10. Nxc6 bxc6
11. b3 Qd6 12. h3 a5 13. Bb2 Ba6 14. Bxa6 Rxa6
0-1

[Event "Turtle Speed # 10"]
[Site "SchemingMind.com"]
[Date "2008.12.02"]
[Round "-"]
[White "Kombativ"]
[Black "fishofchaos"]
[Result "0-1"]
[WhiteCountry "ROU"]
[BlackCountry "ENG"]
[WhiteElo "1326"]
[WhiteRD "138"]
[BlackElo "1883"]
[BlackRD "74"]
[GameID "181260"]

1. d4 Nf6 2. c4 e6 3. Nc3 Bb4 4. Qc2 O-O 5. e3 b6 6. Nf3 Bb7 7. Be2 Ne4 8. Bd2 Nxd2 9. Qxd2 c5 10. a3 Bxc3
11. Qxc3 d6 12. O-O Qe7 13. Rfd1 Nd7 14. Rd2 Rad8 15. Rad1 d5 16. cxd5 Bxd5
0-1